| 000 | 00886cam a2200241Ia 4500 | ||
|---|---|---|---|
| 020 | _a140256385X | ||
| 040 | _cP@N | ||
| 082 | _a330 RBL 2003 A074 Or. | ||
| 100 | 1 | _aSchlosser, Eric. | |
| 245 | 1 | 0 |
_aReefer madness _bsex, drugs, and cheap labor in the American black market / |
| 250 | _aLarge print ed. | ||
| 260 |
_aPrince Frederick, Md. : _bRB Large Print, _cc2003. |
||
| 300 |
_a499 p. (large print) ; _c25 cm. |
||
| 520 | _aReports on America's "shadow" economy of illegal drugs, pornography, and illegal migrant workers, arguing that these underground industries continue to grow with government intervention. | ||
| 650 | 0 | _aLarge type books. | |
| 650 | 0 | _aInformal sector (Economics) | |
| 650 | 0 | _aBlack market | |
| 650 | 0 | _aMarijuana abuse | |
| 650 | 0 | _aMigrant agricultural laborers | |
| 650 | 0 | _aIllegal aliens | |
| 650 | 0 | _aSex oriented businesses | |
| 942 | _cEK | ||
| 999 |
_c15099 _d15099 |
||